[Event "AUTO-OPEN-4600"]
[Site "http://www.queenalice.com/game.php?id=1864599"]
[Date "2025.10.21"]
[Round "2"]
[White "MarcosT"]
[Black "chessman"]
[Result "1-0"]
[WhiteElo "2124"]
[BlackElo "2040"]

1. d4 d5 2. Nc3 c6 3. e3 Nf6 4. Nf3 e6 5. Bd3 Be7 6. Bd2 O-O 7. O-O Re8 8. Ne5
Nbd7 9. Ng4 Nf8 10. f4 Nxg4 11. Qxg4 e5 12. f5 e4 13. Be2 Bf6 14. Rf4 g5 15. Rf2
Ng6 16. Qh5 Ne7 17. Raf1 Kg7 18. Qg4 Rh8 19. h4 h5 20. Qg3 g4 21. Rf4 Kh6 22.
Nd1 a6 23. Nf2 Nxf5 24. Nxg4+ hxg4 25. Qxg4 Bxh4 26. Rxf5 Bxf5 27. Rxf5 Bg5 28.
Qh5+ Kg7 29. Rxf7+ 1-0

[Event "AUTO-OPEN-4600"]
[Site "http://www.queenalice.com/game.php?id=1864600"]
[Date "2025.10.21"]
[Round "2"]
[White "chessman"]
[Black "MarcosT"]
[Result "0-1"]
[WhiteElo "2015"]
[BlackElo "2133"]

1. e4 e5 2. Nf3 Nf6 3. Nxe5 Nc6 4. Nxc6 dxc6 5. d3 Bc5 6. Be2 h5 7. c3 Bg4 8. h3
Bxe2 9. Qxe2 Qe7 10. Bg5 O-O-O 11. e5 Rde8 12. d4 Bb6 13. O-O Qe6 14. Nd2 Nd5
15. Qd3 f6 16. exf6 gxf6 17. Bh4 Reg8 18. Rae1 Qd7 19. Bg3 h4 20. Bh2 Rg7 21.
Kh1 Rhg8 22. Rg1 f5 23. a3 a5 24. c4 Nf6 25. b4 axb4 26. c5 Bxc5 27. axb4 Bxd4
28. Ra1 Bxa1 29. Rxa1 Qxd3 0-1

[Event "Xará 21"]
[Site "http://www.queenalice.com/game.php?id=1864710"]
[Date "2025.10.25"]
[Round "-"]
[White "Mlintz"]
[Black "MarcosT"]
[Result "0-1"]
[WhiteElo "1852"]
[BlackElo "2132"]

1. e4 e5 2. Nf3 Nf6 3. d4 Nxe4 4. dxe5 Bc5 5. Be3 Bxe3 6. fxe3 Nc6 7. Bd3 d5 8.
c3 Nc5 9. Bc2 Be6 10. Nbd2 Qe7 11. h3 O-O-O 12. Qe2 Ne4 13. O-O-O Ng3 14. Qf2
Nxh1 15. Rxh1 Rhf8 16. h4 f6 17. exf6 Rxf6 18. Qe1 h6 19. Nd4 Nxd4 20. exd4 Qf8
21. Nf3 Re8 22. Qd2 Bg4 23. Ne5 Rf1+ 24. Rxf1 Qxf1+ 25. Bd1 Rf8 26. Nxg4 h5 27.
Ne3 Qf4 28. Bxh5 Rh8 29. Bg4+ Kb8 30. h5 Re8 31. Bd1 Qxe3 32. Qxe3 Rxe3 33. g4
Rg3 34. Kd2 Kc8 35. a3 Kd7 36. b4 b6 37. a4 Kd6 38. Be2 c5 39. bxc5+ bxc5 40.
dxc5+ Kxc5 41. Kc2 Rg2 42. Kd3 Rg3+ 43. Kd2 d4 44. cxd4+ Kxd4 45. Ke1 Ke3 46.
Kf1 a5 47. Bd1 Kd2 48. Be2 Ke3 49. Ke1 Rg1+ 50. Bf1 Rxg4 51. Be2 Rxa4 0-1

[Event "Xará 22"]
[Site "http://www.queenalice.com/game.php?id=1864711"]
[Date "2025.10.25"]
[Round "-"]
[White "MarcosT"]
[Black "Mlintz"]
[Result "1/2-1/2"]
[WhiteElo "2140"]
[BlackElo "1855"]

1. e4 c5 2. d4 cxd4 3. c3 d6 4. cxd4 e5 5. d5 Be7 6. Nc3 a6 7. Nf3 Nf6 8. Be2
O-O 9. O-O b5 10. b4 Bd7 11. a4 bxa4 12. Nxa4 Bxa4 13. Qxa4 Qc8 14. Bb2 Nxe4 15.
Rac1 Qb7 16. b5 Nc5 17. Qc4 axb5 18. Qxb5 Qxd5 19. Bc4 Qc6 20. Qxc6 Nxc6 21. Bd5
Rac8 22. Rfd1 Nd8 23. Ba2 Kh8 24. Rc4 Nde6 25. Rg4 Nf4 26. Nxe5 dxe5 27. Bxe5
Ng6 28. Bd4 f5 29. Rg3 Ne4 30. Re3 Bc5 31. Red3 Bxd4 32. Rxd4 Nc3 33. Be6 Ne2+
34. Kf1 Nxd4 35. Bxc8 Rxc8 36. Rxd4 Nf4 37. Rxf4 g6 38. h4 h5 39. g3 Kg7 40. Rd4
Rc6 41. Ke2 Kf6 42. f4 Re6+ 1/2-1/2

[Event "AUTO-OPEN-4623"]
[Site "http://www.queenalice.com/game.php?id=1865298"]
[Date "2025.11.8"]
[Round "1"]
[White "Magnaroc"]
[Black "MarcosT"]
[Result "1-0"]
[WhiteElo "1386"]
[BlackElo "2120"]

1. e4 Nc6 2. d4 e5 3. dxe5 Nxe5 4. Nf3 Nxf3+ 5. Qxf3 d6 6. Bc4 Nf6 7. h3 Be7 8.
O-O O-O 9. Bg5 h6 10. Bxf6 Bxf6 11. c3 Be6 12. Bd3 c6 13. Nd2 Qd7 14. Bc4 d5 15.
exd5 cxd5 16. Bb3 b5 17. Rad1 d4 18. Ne4 Bxb3 19. Nxf6+ gxf6 20. Rxd4 Qe6 21.
axb3 Qxb3 22. Rb4 Qe6 23. Rxb5 a6 24. Rb4 Rab8 25. Rxb8 Rxb8 26. Rb1 a5 27. Qg3+
Kh7 28. Qxb8 Qa2 29. Re1 a4 30. Qb4 a3 31. Qxa3 1-0

[Event "AUTO-OPEN-4623"]
[Site "http://www.queenalice.com/game.php?id=1865299"]
[Date "2025.11.8"]
[Round "1"]
[White "MarcosT"]
[Black "Magnaroc"]
[Result "1-0"]
[WhiteElo "2146"]
[BlackElo "1388"]

1. d4 e6 2. e3 d5 3. Bd3 c5 4. c3 Nf6 5. Nd2 c4 6. Bc2 b5 7. f4 h5 8. Ngf3 Be7
9. O-O Nc6 10. Ne5 Nxe5 11. fxe5 Ng4 12. Nf3 Bg5 13. Nxg5 Qxg5 14. e4 Qe7 15.
exd5 exd5 16. Qf3 g6 17. h3 Nxe5 18. dxe5 Qxe5 19. Bf4 1-0

[Event "AUTO-OPEN-4623"]
[Site "http://www.queenalice.com/game.php?id=1865334"]
[Date "2025.11.8"]
[Round "1"]
[White "MarcosT"]
[Black "Numberzero"]
[Result "0-1"]
[WhiteElo "2071"]
[BlackElo "634"]

1. e4 e5 2. Nf3 Nc6 3. Bc4 Nf6 4. O-O Be7 5. d3 O-O 6. c3 d6 7. Nbd2 Bg4 8. Re1
Na5 9. Bb5 a6 10. Ba4 b5 11. Bc2 c5 12. Nf1 h6 13. Ng3 Nc6 14. h3 Bxf3 15. Qxf3
b4 16. Bd2 a5 17. a3 Rb8 18. axb4 axb4 19. b3 bxc3 20. Bxc3 Nh7 21. Nf5 Bg5 22.
Re2 g6 23. Ra7 Nxa7 24. Ne3 Bxe3 25. fxe3 Nc6 26. Qf2 Nb4 27. Bb1 Ng5 28. d4
exd4 29. exd4 cxd4 30. Qxd4 Qb6 31. Qxb6 Rxb6 32. h4 Ne6 33. h5 Nf4 34. Rd2 d5
35. hxg6 fxg6 36. Bxb4 Rxb4 37. exd5 Rd4 38. Rxd4 Ne2+ 0-1

[Event "AUTO-OPEN-4623"]
[Site "http://www.queenalice.com/game.php?id=1865335"]
[Date "2025.11.8"]
[Round "1"]
[White "Numberzero"]
[Black "MarcosT"]
[Result "1-0"]
[WhiteElo "604"]
[BlackElo "2150"]

1. e4 Nc6 2. d4 e5 3. d5 Nce7 4. Nf3 Ng6 5. Nc3 Nf6 6. Bd3 d6 7. Bg5 Be7 8. Bxf6
Bxf6 9. h3 Bd7 10. O-O O-O 11. Re1 c6 12. dxc6 bxc6 13. Bc4 Ne7 14. Bb3 Be6 15.
Bxe6 fxe6 16. Rb1 d5 17. exd5 exd5 18. Nxe5 Qd6 19. Ng4 Rae8 20. Ne4 Qb8 21.
Nexf6+ gxf6 22. Re6 f5 23. Nh6+ Kg7 24. Qd4+ 1-0

[Event "Xará 23"]
[Site "http://www.queenalice.com/game.php?id=1865843"]
[Date "2025.11.19"]
[Round "-"]
[White "Mlintz"]
[Black "MarcosT"]
[Result "1-0"]
[WhiteElo "1927"]
[BlackElo "2015"]

1. e4 c5 2. c3 d5 3. exd5 Qxd5 4. d4 Nc6 5. Nf3 Bg4 6. Be2 cxd4 7. cxd4 Rd8 8.
Nc3 Qd6 9. Be3 e6 10. O-O Be7 11. Qd2 Nf6 12. Rfd1 O-O 13. a3 a6 14. b4 b5 15.
Qc2 Bf5 16. Bd3 Bxd3 17. Qxd3 Qc7 18. Qc2 Nd5 19. Ne5 Nxe3 20. fxe3 Bf6 21. Ne4
Bxe5 22. dxe5 Rxd1+ 23. Rxd1 Qxe5 24. Qxc6 f5 25. Nf2 Qxe3 26. Qxa6 h6 27. Kf1
h5 28. Re1 Qb3 29. Qxe6+ Qxe6 30. Rxe6 Ra8 31. Re5 Rxa3 32. Rxf5 g6 33. Rxb5 Rb3
34. Rb8+ Kg7 35. b5 Rb1+ 36. Ke2 Rb2+ 37. Ke3 g5 38. g3 Rb3+ 39. Nd3 Kf6 40. Kd4
Kf5 41. b6 Kg4 42. Nc5 Rb4+ 43. Kd5 Kh3 44. b7 Kxh2 45. Rf8 Kxg3 46. b8=Q+ Rxb8
47. Rxb8 h4 48. Ne4+ Kg4 49. Rg8 h3 50. Rxg5+ Kh4 51. Rg8 Kh5 52. Nf2 Kh4 53.
Ke4 h2 54. Kf3 1-0

[Event "Xará 24"]
[Site "http://www.queenalice.com/game.php?id=1865844"]
[Date "2025.11.19"]
[Round "-"]
[White "MarcosT"]
[Black "Mlintz"]
[Result "0-1"]
[WhiteElo "2041"]
[BlackElo "1893"]

1. e4 e5 2. d4 Qe7 3. Nf3 d6 4. d5 g6 5. c4 b6 6. Be2 Bg7 7. b3 a5 8. a4 Nf6 9.
Nbd2 Bb7 10. O-O O-O 11. Bb2 c5 12. Qc2 Na6 13. Ng5 Nb4 14. Qb1 Rfe8 15. Ndf3 h6
16. Nh3 Bc8 17. Ne1 Bxh3 18. gxh3 Nh7 19. Nc2 Ng5 20. Nxb4 cxb4 21. Bc1 Nxh3+
22. Kh1 Qh4 23. Be3 Nf4 24. Bf3 g5 25. Rg1 Nh3 26. Rg2 f5 27. exf5 e4 28. Bg4
Bxa1 29. Qxa1 Re5 30. Bxb6 Nf4 31. Rg1 Nd3 32. Rg2 Kf7 33. Bd4 Rae8 34. Rg3 h5
35. Be2 Nf4 36. Bxe5 Rxe5 37. Qd4 Nxe2 38. Qa7+ Re7 0-1

[Event "AUTO-OPEN-4555"]
[Site "http://www.queenalice.com/game.php?id=1865849"]
[Date "2025.11.19"]
[Round "2"]
[White "CCapivara"]
[Black "MarcosT"]
[Result "1-0"]
[WhiteElo "2239"]
[BlackElo "1995"]

1. e4 e5 2. Nf3 Nf6 3. Nxe5 Nc6 4. Nf3 Bc5 5. d4 Bb4+ 6. c3 Ba5 7. Bd3 O-O 8. e5
Re8 9. O-O Nd5 10. Bxh7+ Kf8 11. Be4 Nce7 12. Bg5 c6 13. Nbd2 Qc7 14. a4 a6 15.
Nc4 b5 16. Nxa5 Qxa5 17. axb5 Qxb5 18. Qc2 Nc7 19. c4 Qb8 20. d5 cxd5 21. cxd5
Nexd5 22. Bxd5 Nxd5 23. Qh7 Ne7 24. Bh4 Ng8 25. Qh8 Re6 26. Qh5 Rh6 27. Qg5 Bb7
28. Bg3 Qc8 29. Rac1 Qe8 30. Nd4 Bd5 31. Nf5 Rg6 32. Qd2 Be6 33. Nd6 Qe7 34.
Rc8+ Rxc8 35. Nxc8 Qd8 36. Qd6+ Ke8 37. Rc1 Nh6 38. Nb6 Nf5 39. Qb4 Ne7 40. f4
Nc6 41. Qc5 f5 42. Nd5 Bxd5 43. Qxd5 Re6 44. Rxc6 Qe7 45. Rxe6 dxe6 46. Qc6+ Kf7
47. h4 1-0

[Event "AUTO-OPEN-4555"]
[Site "http://www.queenalice.com/game.php?id=1865850"]
[Date "2025.11.19"]
[Round "2"]
[White "MarcosT"]
[Black "CCapivara"]
[Result "1-0"]
[WhiteElo "2003"]
[BlackElo "2243"]

1. d4 d6 2. e4 Nf6 3. Nc3 c6 4. Nf3 Bg4 5. Be2 Nbd7 6. O-O e5 7. d5 cxd5 8. exd5
Be7 9. Nd2 Bxe2 10. Qxe2 O-O 11. Nde4 Nxe4 12. Nxe4 f5 13. Nc3 a6 14. b3 Rc8 15.
Bb2 Nf6 16. f4 e4 17. Rad1 Ng4 18. h3 Qb6+ 19. Kh1 Ne3 20. Na4 Qa7 21. Bd4 Nxf1
22. Qxf1 Qb8 23. Nb6 Rc7 24. c4 Bf6 25. Be3 Qd8 26. Na4 Qe8 27. Bb6 Re7 28. c5
Qd7 29. cxd6 Ref7 30. Bc7 g5 31. Nc5 Qb5 32. Qg1 gxf4 33. Ne6 Re8 34. Nc5 e3 35.
Rc1 b6 36. d7 Rxd7 37. Nxd7 Qxd7 38. Bxf4 e2 39. Bg3 Qxd5 40. Qe1 Kh8 41. Rc2
Qd1 42. Rc1 Rd8 43. Kh2 f4 44. Bh4 Bxh4 45. Qxh4 Qd6 46. Rc6 Qb8 47. Qf6+ Kg8
48. Qe6+ Kg7 49. Qe7+ Kg8 50. Rh6 f3+ 51. g3 Qxg3+ 52. Kxg3 e1=Q+ 53. Qxe1 1-0

[Event "AUTO-OPEN-4625"]
[Site "http://www.queenalice.com/game.php?id=1865907"]
[Date "2025.11.20"]
[Round "1"]
[White "MarcosT"]
[Black "WHUSIRO"]
[Result "0-1"]
[WhiteElo "2096"]
[BlackElo "1883"]

1. e4 c5 2. Nf3 d6 3. Bb5+ Bd7 4. Bxd7+ Nxd7 5. c3 e5 6. d4 Ngf6 7. Nbd2 cxd4 8.
cxd4 exd4 9. Nxd4 Be7 10. O-O Nc5 11. Nf5 O-O 12. f3 Re8 13. Nxe7+ Qxe7 14. Re1
Nd3 15. Re2 Rac8 16. Nb3 Nxc1 17. Rxc1 b6 18. Nd4 g6 19. Nb5 Rxc1 20. Qxc1 Qd7
21. a4 a6 22. Nc7 Rc8 23. Rc2 Qxa4 24. Rc4 Qa2 25. b3 Qxb3 26. Rc3 Qa4 27. Nd5
Qd4+ 28. Kh1 Rxc3 29. Nxc3 b5 30. Ne2 Qc5 31. Qa1 Nd7 32. Qxa6 b4 33. h4 b3 34.
Qa8+ Kg7 35. Qa1+ Kf8 36. g4 Qc2 37. Nd4 Qa2 0-1

[Event "AUTO-OPEN-4625"]
[Site "http://www.queenalice.com/game.php?id=1865908"]
[Date "2025.11.20"]
[Round "1"]
[White "WHUSIRO"]
[Black "MarcosT"]
[Result "0-1"]
[WhiteElo "1840"]
[BlackElo "2147"]

1. e4 e5 2. Nf3 Nf6 3. d3 Nc6 4. Bg5 Be7 5. Nc3 d6 6. Be2 O-O 7. O-O Nd4 8. Nd5
Nxe2+ 9. Qxe2 Nxd5 10. Bxe7 Nxe7 11. h3 Ng6 0-1